Biblioteka regionalisty

Salvato in:
Dettagli Bibliografici
Natura: Periodico
Lingua:polacco
Pubblicazione: Wroclaw Uniwersytet Ekonomiczny we Wrocławiu 2019
Tags: Aggiungi Tag
Nessun Tag, puoi essere il primo ad aggiungerne!!

MARC

LEADER 00000nas2a2200000 4500
001 0265011
005 20240115130117.8
022 |a 2081-4461 
041 0 |a pol 
044 |a PL 
245 1 0 |a Biblioteka regionalisty 
264 1 |a Wroclaw  |b Uniwersytet Ekonomiczny we Wrocławiu  |c 2019 
773 0 |w eu_un_cat*0116287 
774 0 |w eu_un_cat*0298181